Państwa świata na ślepo - Statystyki

Ogólne statystyki
  • Ten quiz został rozwiązany 303 razy
    249 od ostatniego zresetowania
  • Średni wynik to 134 z 196
Statystyki odpowiedzi
Kraje % Poprawnych
Polska
86%
Stany Zjednoczone
83%
Kanada
80%
Francja
78%
Niemcy
78%
Rosja
78%
Andora
76%
Meksyk
76%
Brazylia
75%
Chiny
75%
Czechy
75%
Estonia
75%
Hiszpania
75%
Portugalia
75%
Ukraina
75%
Argentyna
74%
Austria
74%
Białoruś
74%
Łotwa
74%
Panama
74%
Słowacja
74%
Watykan
74%
Dominika
73%
Egipt
73%
Finlandia
73%
Honduras
73%
Islandia
73%
Kuba
73%
Litwa
73%
Norwegia
73%
Rumunia
73%
Belgia
72%
Dominikana
72%
Grecja
72%
Gwatemala
72%
Holandia
72%
Jamajka
72%
Japonia
72%
Liechtenstein
72%
Mołdawia
72%
Niger
72%
Salwador
72%
San Marino
72%
Serbia
72%
Słowenia
72%
Szwecja
72%
Węgry
72%
Wenezuela
72%
Belize
71%
Chile
71%
Czarnogóra
71%
Irlandia
71%
Korea Północna
71%
Korea Południowa
71%
Kosowo
71%
Kostaryka
71%
Macedonia Północna
71%
Wielka Brytania
71%
Albania
70%
Algieria
70%
Angola
70%
Arabia Saudyjska
70%
Australia
70%
Bośnia i Hercegowina
70%
Bułgaria
70%
Chorwacja
70%
Gruzja
70%
Gujana
70%
Kazachstan
70%
Luksemburg
70%
Malta
70%
Maroko
70%
Monako
70%
Mongolia
70%
Nikaragua
70%
Saint Kitts i Nevis
70%
Saint Lucia
70%
Surinam
70%
Szwajcaria
70%
Tadżykistan
70%
Turkmenistan
70%
Wietnam
70%
Włochy
70%
Armenia
69%
Azerbejdżan
69%
Bahamy
69%
Czad
69%
Dania
69%
Haiti
69%
Indie
69%
Izrael
69%
Kolumbia
69%
Nigeria
69%
Nowa Zelandia
69%
Peru
69%
Republika Południowej Afryki
69%
Togo
69%
Tunezja
69%
Turcja
69%
Afganistan
68%
Barbados
68%
Boliwia
68%
Burundi
68%
Indonezja
68%
Kenia
68%
Laos
68%
Paragwaj
68%
Rwanda
68%
Trynidad i Tobago
68%
Uzbekistan
68%
Antigua i Barbuda
67%
Bahrajn
67%
Cypr
67%
Demokratyczna Republika Konga
67%
Ekwador
67%
Erytrea
67%
Gwinea
67%
Jemen
67%
Kambodża
67%
Kirgistan
67%
Kongo
67%
Lesotho
67%
Libia
67%
Nepal
67%
Pakistan
67%
Saint Vincent i Grenadyny
67%
Sudan
67%
Tajlandia
67%
Timor Wschodni
67%
Urugwaj
67%
Wyspy Świętego Tomasza i Książeca
67%
Zambia
67%
Bangladesz
66%
Bhutan
66%
Eswatini
66%
Filipiny
66%
Ghana
66%
Katar
66%
Kuwejt
66%
Liban
66%
Malediwy
66%
Malezja
66%
Oman
66%
Senegal
66%
Singapur
66%
Sudan Południowy
66%
Syria
66%
Tanzania
66%
Wyspy Marshalla
66%
Wyspy Salomona
66%
Zimbabwe
66%
Benin
65%
Etiopia
65%
Gambia
65%
Gwinea Bissau
65%
Namibia
65%
Papua-Nowa Gwinea
65%
Republika Zielonego Przylądka
65%
Somalia
65%
Tajwan
65%
Uganda
65%
Fidżi
64%
Gabon
64%
Gwinea Równikowa
64%
Irak
64%
Iran
64%
Kamerun
64%
Komory
64%
Madagaskar
64%
Mali
64%
Mauretania
64%
Nauru
64%
Palau
64%
Republika Środkowoafrykańska
64%
Seszele
64%
Sri Lanka
64%
Vanuatu
64%
Wybrzeże Kości Słoniowej
64%
Brunei
63%
Grenada
63%
Jordania
63%
Liberia
63%
Mauritius
63%
Mozambik
63%
Tuvalu
63%
Zjednoczone Emiraty Arabskie
63%
Burkina Faso
62%
Dżibuti
62%
Mikronezja
62%
Samoa
62%
Tonga
62%
Botswana
60%
Sierra Leone
60%
Kiribati
59%
Malawi
59%
Mjanmar
22%
Nie znaleziono quizów pasujących do podanych kryteriów
Rozkład punktacji
Procent ludzi z każdym wynikiem
Percentyl według liczby udzielonych odpowiedzi
Twoja historia wyników
Nie rozwiązałeś tego quizu od ostatniego zresetowania